| 000 | 00871nam a22002897a 4500 | ||
|---|---|---|---|
| 001 | 200461898 | ||
| 003 | TR-AnTOB | ||
| 005 | 20241119104134.0 | ||
| 008 | 240718b tu ||||| |||| 00| 0 tur d | ||
| 020 | _a9789944610537 | ||
| 040 |
_aTR-AnTOB _beng _erda _cTR-AnTOB |
||
| 041 | _atur | ||
| 092 |
_a796.334 _bROU 2013 |
||
| 100 | 1 |
_aRoux, Mathias _9146477 |
|
| 245 |
_aSokrates yeşil sahalarda : _bfelsefeye sportif bir giriş/ _cMathias Roux ; çev. Barbaros Yanık. |
||
| 250 | _a1.bs. | ||
| 260 |
_aİstanbul : _bTekin Yayıevi, _c2013. |
||
| 300 |
_a176 Pages. : _bill. ; _c 20 cm. |
||
| 336 |
_atext _btxt _2rdacontent |
||
| 337 |
_aunmediated _bn _2rdamedia |
||
| 338 |
_avolume _bnc _2rdacarrier |
||
| 653 | _aFelsefe | ||
| 700 |
_aYanık, Barbaros _etranslator _9146478 |
||
| 942 |
_2ddc _cBK |
||
| 999 |
_c200461898 _d80110 |
||